000 00460nam a2200181Ia 4500
005 20250508151702.0
008 008 250505s9999 xx 000 0 eng d
037 _aBooks to be hide in OPAC
040 _aFEDL
_beng
_cFEDL
041 _aeng
_2eng
084 _a428.6, FOR
_qFEDL
100 _aChesler B M
_9759741
245 0 _aFor fairy stories
260 _c1955
300 _a47p.
942 _cHB
_h428.6, FOR
999 _c1331435
_d1331435